Microestructura y productos de reacción de cemento activado alcalinamente base ceniza de bagazo de caña de azúcar-aluminato de calcio
Presenta un estudio en donde evaluaron las propiedades mecánicas y los mecanismos y productos de reacción de un cemento geo polimérico a base del desecho industrial, ceniza de bagazo de caña de azúcar (CBCA), como materia prima fuente de aluminosilicatos, y cemento de aluminato de calcio.Se de...
| Main Author: | |
|---|---|
| Other Authors: | |
| Format: | Tesis Section = Libro |
| Language: | Undetermined Spanish |
| Published: |
Managua
UNI
2014
|
| Subjects: |
| LEADER | 01495nam a2200289Ia 4500 | ||
|---|---|---|---|
| 008 | 240830s9999 xx 000 0 und d | ||
| 040 | |a CEDOC DACA-RUSB / Mon 690 Z95 | ||
| 041 | |a spa | ||
| 082 | |a Mon 690 Z95 | ||
| 100 | 1 | |a Zúniga García, Zugania Zelmira | |
| 245 | 1 | 0 | |a Microestructura y productos de reacción de cemento activado alcalinamente base ceniza de bagazo de caña de azúcar-aluminato de calcio |
| 260 | |a Managua |b UNI |c 2014 | ||
| 300 | |a 83 p. : il | ||
| 500 | |a Contiene CD-ROM | ||
| 502 | |a Tesis (Ingeniero Químico) -UNI, 2014. | ||
| 520 | 3 | |a Presenta un estudio en donde evaluaron las propiedades mecánicas y los mecanismos y productos de reacción de un cemento geo polimérico a base del desecho industrial, ceniza de bagazo de caña de azúcar (CBCA), como materia prima fuente de aluminosilicatos, y cemento de aluminato de calcio.Se determinó la composición química de las CBCA por medio de la técnica defluorescencia de RayosX (FRX) predominando SiO con 58.49% en peso. | |
| 650 | 7 | |a MATERIAL DE CONSTRUCCION-CEMENTO DE CENIZA DE BAGAZO DE CAÑA DE ZUCAR | |
| 650 | 7 | |b CEMENTO GEOPOLIMERICO-DESECHO INDUSTRIAL | |
| 650 | 7 | |c RESIDUOS SOLIDOS INDUSTRIALES | |
| 650 | 7 | |d COMPOSICION QUIMICA-CENIZA | |
| 650 | 7 | |e BAGAZO DE CAÑA DE AZUCAR | |
| 650 | 7 | |f CEMENTOS ALCALINOS | |
| 650 | 7 | |g INDUSTRIA DE LA CONSTRUCCION -NICARAGUA | |
| 700 | 1 | |a Tutor: |b Espinoza Pérez, Lester Javier | |
| 942 | |c BK |2 ddc | ||
| 991 | |a TESIS | ||
| 999 | |c 26149 | ||